| 000 | 01041nam a22002655a 4500 | ||
|---|---|---|---|
| 003 | OSt | ||
| 005 | 20170222131600.0 | ||
| 008 | 170219s2016 ua frb 000 0 ara d | ||
| 015 | _a2016 / 3046 | ||
| 020 | _a9789770480274 | ||
| 040 |
_aEG-ScBUE _bara _cEG-ScBUE |
||
| 043 | _af-ua--- | ||
| 082 | 0 | 4 |
_a346.62070269 _bأ ح م _222 |
| 100 | 1 | _aأحمد، أحمد خليفة شرقاوي. | |
| 245 | 1 | 0 |
_aاختصاص المحاكم الاقتصادية : _bدراسة مقارنة بين الفقه الإسلامي والقانون الوضعي / _cتأليف أحمد خليفة شرقاوي أحمد. |
| 250 | _aط. 1. | ||
| 260 |
_aالقاهرة : _bدار النهضة العربية، _c2016. |
||
| 300 |
_a168 ص. ؛ _c24 سم. |
||
| 504 | _aيشتمل على إرجاعات ببليوجرافية. | ||
| 650 | 7 |
_aالاقتصاد _xقوانين وتشريعات _zمصر. _2BUEsh _941055 |
|
| 650 | 7 |
_aالمحاكم التجارية _zمصر. _2BUEsh _941057 |
|
| 651 | _2BUEsh | ||
| 653 |
_bLLAAWW _cFebruary2017 |
||
| 942 | _2ddc | ||
| 999 |
_c24195 _d24167 |
||